00389nam a2200157Ia 45000010006000000050017000060080041000230410008000640820019000721000027000912450053001182600009001713000035001806500008002156540008002232261520260414150843.0260414t2009||||xx |||||||||||||| ||spa|| aESP a621.3822bD243 aWilliston, KentoneAUT 0aDigital signal processing :bworld class designs c2009 axviii, 460 páginas :c23 cm. aTCA aCET